[Event "BRA-ch U26"]
[Site "Goiania"]
[Date "2017.10.22"]
[Round "7"]
[White "Lima, Igor Cirineu De Bar"]
[Black "Santos, Aldair Batista"]
[Result "1/2-1/2"]
[WhiteElo "1735"]
[BlackElo "1877"]
[PlyCount "110"]
[EventDate "2017.10.19"]
[EventType "swiss"]
[EventRounds "7"]
[EventCountry "BRA"]
[SourceTitle "CBM 181 Extra"]
[Source "ChessBase"]
[SourceDate "2017.12.12"]
[SourceVersion "1"]
[SourceVersionDate "2017.12.12"]
[SourceQuality "1"]

1. e4 c5 2. Nc3 d6 3. g3 Nf6 4. Bg2 e5 5. d3 Nc6 6. h3 Be7 7. Nge2 0-0 8. 0-0 Ne8 9. g4 Bg5 10. f4 exf4 11. Bxf4 Nc7 12. Qd2 Bxf4 13. Nxf4 Ne6 14. Ncd5 Qg5 15. Qf2 Ne5 16. Qg3 Bd7 17. Rf2 Rac8 18. c3 Bc6 19. Raf1 Nxf4 20. Nxf4 Bb5 21. Rd1 Bd7 22. d4 cxd4 23. Rxd4 Rc6 24. Nd3 Be6 25. Nb4 Rb6 26. b3 Rc8 27. Nc2 h5 28. Rfd2 hxg4 29. c4 Qg6 30. hxg4 Qxg4 31. Qxg4 Nxg4 32. Rxd6 Rxd6 33. Rxd6 Nf6 34. Kf2 Kf8 35. Bf3 Ke7 36. Rd2 Rh8 37. Nd4 Bc8 38. Nf5+ Bxf5 39. exf5 Rh2+ 40. Ke3 Rxd2 41. Kxd2 b6 42. Ke3 Kd6 43. Kd4 g6 44. fxg6 fxg6 45. b4 Nd7 46. Be4 g5 47. Bf5 Nf6 48. c5+ bxc5+ 49. bxc5+ Kc6 50. Ke5 Nd5 51. Bg4 Nf4 52. Kf5 Nd3 53. Kxg5 Kxc5 54. Bf5 Nc1 55. Be6 Kd4 1/2-1/2

[Event "BRA-ch U26"]
[Site "Goiania"]
[Date "2017.10.20"]
[Round "3"]
[White "Rocha, Vitor Firmo de Souz"]
[Black "Lima, Igor Cirineu De Bar"]
[Result "1-0"]
[WhiteElo "2161"]
[BlackElo "1735"]
[PlyCount "106"]
[EventDate "2017.10.19"]
[EventType "swiss"]
[EventRounds "7"]
[EventCountry "BRA"]
[SourceTitle "CBM 181 Extra"]
[Source "ChessBase"]
[SourceDate "2017.12.12"]
[SourceVersion "1"]
[SourceVersionDate "2017.12.12"]
[SourceQuality "1"]

1. e4 e5 2. Nf3 Nc6 3. d4 exd4 4. Bc4 Nf6 5. e5 d5 6. Bb5 Ne4 7. Nxd4 Bd7 8. Bxc6 bxc6 9. 0-0 Bc5 10. f3 Ng5 11. Be3 0-0 12. c3 f6 13. Bxg5 fxg5 14. Kh1 Bb6 15. Re1 Qe7 16. a4 a5 17. Nd2 c5 18. N4b3 Rf5 19. c4 d4 20. Nc1 Rxe5 21. Rxe5 Qxe5 22. Nd3 Qf5 23. Nf2 Re8 24. Nde4 Bc6 25. b3 g4 26. Ng3 Qg6 27. Nxg4 h5 28. Nf2 h4 29. Nge4 h3 30. Nxh3 Bxe4 31. fxe4 Qxe4 32. Nf2 Qe3 33. Nd3 c6 34. Qe1 Bc7 35. Qxe3 Rxe3 36. Rd1 Re6 37. Kg1 Kf7 38. g3 Re2 39. Rf1+ Ke6 40. Re1 Rxe1+ 41. Nxe1 Kf5 42. Kf2 Ke4 43. Ke2 g6 44. Nd3 g5 45. Nf2+ Kf5 46. Kf3 Bd8 47. h3 Ke5 48. Nd3+ Kf5 49. Ne1 Ke5 50. g4 d3 51. Ke3 d2 52. Nf3+ Ke6 53. Kxd2 Bf6 1-0

[Event "Sao Paulo Hebraica op 18th"]
[Site "Sao Paulo"]
[Date "2014.07.20"]
[Round "5"]
[White "Lima, Igor Cirineu De Bar"]
[Black "Dias, Joao Batista de Sou"]
[Result "1-0"]
[WhiteElo "1718"]
[BlackElo "1901"]
[PlyCount "173"]
[EventDate "2014.07.17"]
[EventType "swiss"]
[EventRounds "6"]
[EventCountry "BRA"]
[SourceTitle "CBM 161 Extra"]
[Source "ChessBase"]
[SourceDate "2014.08.29"]
[SourceVersion "1"]
[SourceVersionDate "2014.08.29"]
[SourceQuality "1"]

1. e4 e5 2. Nf3 Nc6 3. Bb5 a6 4. Ba4 Nf6 5. d3 d6 6. c3 Bg4 7. Nbd2 Be7 8. h3 Bh5 9. Nf1 b5 10. Bc2 d5 11. Ng3 Bg6 12. 0-0 Qd7 13. Qe2 0-0 14. a4 b4 15. a5 Qd6 16. Re1 dxe4 17. dxe4 Qe6 18. Nf5 Bd6 19. Bd3 Qc8 20. Bg5 Nd7 21. Nxd6 cxd6 22. Bc4 bxc3 23. bxc3 Nc5 24. Bd5 Rb8 25. Red1 Qc7 26. Bxc6 Qxc6 27. Be7 Nxe4 28. Bxf8 Kxf8 29. Rac1 f6 30. Nh4 Bf7 31. Nf5 g6 32. Ne3 Rb5 33. c4 Rxa5 34. Nd5 f5 35. f3 Qc5+ 36. Kh2 Ng5 37. Rb1 Ne6 38. Rb8+ Kg7 39. Qe1 g5 40. Rb7 Ra2 41. Rc1 h5 42. Qe3 Kg6 43. Qxc5 Nxc5 44. Rc7 e4 45. fxe4 Nxe4 46. Ne7+ Kf6 47. Nxf5 Be6 48. Nd4 Bg8 49. Rf1+ Kg6 50. Nf5 Be6 51. Nd4 Nc5 52. Nxe6 Nxe6 53. Rd7 Rd2 54. Rff7 Nf4 55. Rg7+ Kf5 56. Rdf7+ Ke6 57. Re7+ Kf6 58. Ref7+ Ke6 59. Re7+ Kf5 60. Ref7+ Ke4 61. Rxg5 Rc2 62. Rxf4+ Kxf4 63. Rxh5 Ke3 64. Rd5 Rxc4 65. Rxd6 a5 66. Ra6 a4 67. Kg3 Kd2 68. h4 Kc3 69. h5 Kb4 70. h6 a3 71. h7 Rc8 72. Kf4 Rh8 73. Ra7 a2 74. g4 Rxh7 75. Rxa2 Kc5 76. Rd2 Rh1 77. g5 Rf1+ 78. Kg4 Kc6 79. g6 Rg1+ 80. Kf5 Kc7 81. Kf6 Kc6 82. Kf7 Rf1+ 83. Kg8 Kc7 84. g7 Rf3 85. Rd4 Kc6 86. Kh7 Kc5 87. Rh4 1-0

[Event "Iracemapolis op 4th"]
[Site "Iracemapolis"]
[Date "2013.11.09"]
[Round "4"]
[White "Lima, Igor Cirineu De Bar"]
[Black "Alves Campos, Mayra Fernanda"]
[Result "1-0"]
[WhiteElo "1694"]
[BlackElo "1762"]
[PlyCount "85"]
[EventDate "2013.11.08"]
[EventType "swiss"]
[EventRounds "6"]
[EventCountry "BRA"]
[SourceTitle "CBM 157 Extra"]
[Source "ChessBase"]
[SourceDate "2013.12.19"]
[SourceVersion "1"]
[SourceVersionDate "2013.12.19"]
[SourceQuality "1"]

1. e4 c5 2. Nc3 Nc6 3. g3 d6 4. Bg2 Bd7 5. d3 Qc8 6. f4 Bg4 7. Nge2 f5 8. 0-0 Nf6 9. h3 Bh5 10. Qe1 e5 11. fxe5 dxe5 12. exf5 Bf7 13. Be3 Be7 14. g4 h6 15. Ng3 Qd7 16. Nge4 Nd5 17. Nxd5 Bxd5 18. Qf2 Bxe4 19. Bxe4 b6 20. Qg2 Rc8 21. f6 Bxf6 22. Bf5 Qc7 23. Bxc8 Qxc8 24. Rf2 Qe6 25. Raf1 0-0 26. g5 hxg5 27. Bxg5 Kh8 28. Rf5 Nd4 29. Bxf6 Nxf5 30. Bxg7+ Nxg7 31. Rxf8+ Kh7 32. Qe4+ Qg6+ 33. Qxg6+ Kxg6 34. Ra8 a5 35. Rg8 Kf7 36. Rxg7+ Kxg7 37. Kf2 b5 38. Ke3 a4 39. Ke4 Kf6 40. h4 b4 41. h5 Kg5 42. Kxe5 c4 43. dxc4 1-0

[Event "Paulista-ch Interior"]
[Site "Itapetininga"]
[Date "2012.11.04"]
[Round "6"]
[White "Coelho, Tatiane Cristina"]
[Black "Lima, Igor Cirineu De Bar"]
[Result "1/2-1/2"]
[WhiteElo "1820"]
[BlackElo "1630"]
[PlyCount "136"]
[EventDate "2012.11.02"]
[EventType "swiss"]
[EventRounds "6"]
[EventCountry "BRA"]
[SourceTitle "CBM 151 Extra"]
[Source "ChessBase"]
[SourceDate "2012.12.18"]
[SourceVersion "1"]
[SourceVersionDate "2012.12.18"]
[SourceQuality "1"]

1. d4 d5 2. Nf3 e6 3. Bf4 Nf6 4. e3 Be7 5. h3 Nbd7 6. c4 c6 7. Bd3 dxc4 8. Bxc4 b5 9. Bb3 Bb7 10. 0-0 Rc8 11. Nc3 a6 12. Rc1 0-0 13. Qe2 Qb6 14. Rfe1 Nd5 15. Bg3 a5 16. Bxd5 exd5 17. Ne5 Nxe5 18. Bxe5 f6 19. Bf4 Kh8 20. Qg4 Qd8 21. Ne2 Re8 22. Ng3 Bf8 23. Nf5 g6 24. Nh6 Re7 25. h4 Qd7 26. Qxd7 Rxd7 27. Ng4 Bg7 28. Rc2 Re8 29. Rec1 h5 30. Nh2 Kh7 31. Nf3 Bf8 32. Ne1 Bd6 33. Bxd6 Rxd6 34. Nd3 Ba8 35. Nc5 Kh6 36. a4 bxa4 37. Ra1 Rb8 38. Rxa4 Rb5 39. b3 Bb7 40. Rca2 Bc8 41. Rxa5 Rxa5 42. Rxa5 Bf5 43. Ra6 g5 44. hxg5+ fxg5 45. Rb6 Kg6 46. b4 Rf6 47. f3 Kg7 48. Rb7+ Kh6 49. Rc7 Bc2 50. Re7 g4 51. f4 Kg6 52. g3 Kf5 53. Nd7 Re6 54. Rxe6 Kxe6 55. Ne5 Kd6 56. Kf2 Be4 57. Ke2 Bc2 58. Nd3 Ke6 59. Kd2 Bb1 60. Nc5+ Kd6 61. Ke2 Bc2 62. Nd3 Ke6 63. Ne5 Kd6 64. Nf7+ Ke6 65. Ng5+ Kf6 66. Kd2 Bb1 67. Ke2 Bc2 68. Kf2 Bd3 1/2-1/2

[Event "Mogi das Cruzes op 08"]
[Site "Mogi das Cruzes"]
[Date "2012.08.31"]
[Round "1"]
[White "Sampaio, Douglas Jr"]
[Black "Lima, Igor Cirineu De Bar"]
[Result "1-0"]
[WhiteElo "1780"]
[BlackElo "1800"]
[PlyCount "52"]
[EventDate "2012.08.31"]
[EventType "swiss"]
[EventRounds "6"]
[EventCountry "BRA"]
[SourceTitle "CBM 150 Extra"]
[Source "ChessBase"]
[SourceDate "2012.10.19"]
[SourceVersion "1"]
[SourceVersionDate "2012.10.19"]
[SourceQuality "1"]

1. d4 d5 2. Nf3 e6 3. g3 Nf6 4. Bg2 Bd6 5. 0-0 0-0 6. Nbd2 Nc6 7. Re1 b6 8. e4 dxe4 9. Nxe4 Nxe4 10. Rxe4 Bb7 11. Re1 Ne7 12. c3 Ng6 13. h4 Qd7 14. h5 Ne7 15. Qc2 Rab8 16. Ng5 g6 17. Bxb7 Rxb7 18. Ne4 f5 19. Ng5 Rf6 20. Qb3 Nc6 21. Rxe6 Rxe6 22. Qxe6+ Qxe6 23. Nxe6 gxh5 24. Nf4 h4 25. gxh4 Rb8 26. Be3 Kf7 1-0